00478nam a2200121 a 450000500170000000800410001702000150005805000220007324500700009526000330016552001170019865000410031520140414132058.0110725s19uu xx 00 eng d a0753451948 aREF 909bK58 1999 aThe kingfisher history encyclopedia Vol.2 :bThe classical world. aLondon :bKingfisher,c1999. aA reference guide to world history, featuring a timeline, key date boxes, and biographies of historical figures. a World historyxJuvenile literature.